Democracy and good Governance : (Record no. 167542)

MARC details
000 -LEADER
fixed length control field 00621nam a22001817a 4500
005 - DATE AND TIME OF LATEST TRANSACTION
control field 20220217164941.0
010 ## - LCCN (DPL NO)
LC control number ENG_126433
020 ## - INTERNATIONAL STANDARD BOOK NUMBER
International Standard Book Number 978-93-86473-00-4
Terms of availability 695.00
035 ## - SYSTEM CONTROL NUMBER
System control number EN-109965
037 ## - SOURCE OF ACQUISITION
Source of stock number/acquisition DBAD/PUB
082 ## - DEWEY DECIMAL CLASSIFICATION NUMBER
Classification number 320.96954
100 ## - MAIN ENTRY--PERSONAL NAME
Personal name Kashyap, Subhash C
245 ## - TITLE STATEMENT
Title Democracy and good Governance :
Remainder of title Some guidelines for today's parliamentarians /
Statement of responsibility, etc By Subhash C Kashyap
260 ## - PUBLICATION, DISTRIBUTION, ETC. (IMPRINT)
Name of publisher, distributor, etc Vitasta Publisher
Date of publication, distribution, etc 2017
Place of publication, distribution, etc New Delhi
270 ## - ADDRESS
Electronic mail address info@vitastapublising.com
Address 2/15, Ansari Road, Daryaganj
City New Delhi
Postal code 110002
300 ## - PHYSICAL DESCRIPTION
Extent 420p.
Dimensions 23cm.(hb)
942 ## - ADDED ENTRY ELEMENTS (KOHA)
Source of classification or shelving scheme Dewey Decimal Classification
Item type English Books
Classification part 320.96954
Call number suffix KAS
Holdings
Withdrawn status Lost status Not for loan Collection code Home library Current library Date acquired Source of acquisition Cost, normal purchase price Full call number Barcode Copy number Cost, replacement price Koha item type
      Non-fiction Ashok Vihar Ashok Vihar 06/09/2019 DBAD/PUB 695.00 320.96954 KAS EN-109965 1 695.00 English Books

© Delhi Public Library
Hit Counter
free hit counter